| 000 | 01114cam a2200229 4500 | ||
|---|---|---|---|
| 001 | ABS65507 | ||
| 008 | 020513n2002 000 0 eng u | ||
| 035 | _a(Sirsi) u117939 | ||
| 100 | _aLovelace, N. | ||
| 245 | _aCatchment community | ||
| 260 | _c2002 | ||
| 490 |
_aNew Civil Engineer _v(1439) 2 May 2002, 18-19(2) |
||
| 520 | _aA local initiative the Parrett Catchment Project (PCP) in Somerset, is one of five government pilot schemes using catchment-based flood management. PCP is adopting a radical new approach to flooding - flood mitigation is considered for the whole of the Somerset levels and Moors, rather than by a site by site basis.The scheme is seeking government backing in order for it to work properly. The article oulines the steering group's plans for the next 12 years in "The Parrett catchment water management strategy action plan". | ||
| 590 | _aABS | ||
| 650 | _aSOMERSET | ||
| 650 | _aFLOOD PLAINS | ||
| 650 | _aFLOOD RISK AREAS | ||
| 650 | _aENVIRONMENT AGENCY | ||
| 650 | _aFLOODING | ||
| 690 | _aENVIRONMENTAL AND LAND CONSULTANCY-ENVIRONMENTAL MANAGEMENT | ||
| 942 | _n0 | ||
| 999 |
_c70240 _d70240 |
||